Loading...
| Literature - American Literature | 0 | 6 | 0 | 1 | 60 | 50 | 79.33 | 3 | 6 |
| History - Other History | 0 | 6 | 0 | 0 | 60 | 42 | 56.33 | 3 | 6 |
| History - American History | 0 | 5 | 0 | 0 | 50 | 24 | 53.00 | 5 | 5 |
| History - World History | 0 | 5 | 1 | 0 | 45 | 27 | 33.40 | 5 | 5 |
| History - European History | 0 | 5 | 1 | 2 | 45 | 58 | 93.80 | 2 | 5 |
| Literature - World/Other Literature | 0 | 4 | 0 | 1 | 40 | 68 | 101.75 | 1 | 4 |
| Philosophy | 0 | 4 | 0 | 0 | 40 | 33 | 64.00 | 1 | 4 |
| Fine Arts - Visual Fine Arts | 0 | 3 | 0 | 1 | 30 | 54 | 88.00 | 1 | 3 |
| Literature - European Literature | 0 | 2 | 0 | 0 | 20 | 62 | 69.50 | 1 | 2 |
| Literature - British Literature | 0 | 2 | 1 | 1 | 15 | 95 | 110.50 | 1 | 2 |
| Social Science | 0 | 1 | 0 | 0 | 10 | 111 | 111.00 | 0 | 1 |
| Mythology | 0 | 1 | 0 | 0 | 10 | 63 | 63.00 | 0 | 1 |
| Religion | 0 | 1 | 0 | 0 | 10 | 46 | 46.00 | 1 | 1 |
| Fine Arts - Other Fine Arts | 0 | 1 | 0 | 0 | 10 | 76 | 76.00 | 1 | 1 |